000 00441nam a2200169Ia 4500
003 GCL
008 140319s9999 xx 000 0 eng d
040 _aGCL /
_cGCL
082 0 4 _a516.5
_bG T
100 1 _aCOXETER, H.S.M
245 1 0 _aTHE REAL PROJECTIVE PLANE,3rd ed /
_cCOXETER, H.S.M
260 _a[S.N] :
_bMC GRAW - HILL ،
_c1992
300 _a222
650 0 4 _aDATA PROCESSING
650 0 4 _aGEOMETRY PROJECTIVE
942 _2ddc
_cBK
999 _c10777
_d10777